| 000 | 01523 am a2200409ua 4500 | ||
|---|---|---|---|
| 999 |
_c29367 _d29338 |
||
| 001 | 010032814 | ||
| 003 | EG-ScBUE | ||
| 005 | 20210817113755.0 | ||
| 008 | 010409s2000 mauac f b 000 0 eng d | ||
| 020 | _a9780071162975 (v. 1) | ||
| 020 | _a0071162976 (v. 1) | ||
| 020 | _a9780071163897 (v. 3) | ||
| 020 | _a0071163891 (v. 3) | ||
| 040 |
_aStDuBDS _beng _erda _cEG-ScBUE _dUk _dEG-ScBUE |
||
| 082 | 0 | 4 |
_a428.34 _bHAR _222 |
| 100 | 1 |
_aHartmann, Pamela, _eauthor. _914491 |
|
| 245 | 1 | 0 |
_aQuest : _blistening and speaking in the academic world / _cPamela Hartmann, Los Angeles Unified School District, Laurie Blass. |
| 250 | _aInternational edition. | ||
| 264 | 1 |
_aBoston : _bMcGraw-Hill, _c2000. |
|
| 300 |
_a2 volumes : _billustrations, portraits ; _c24 cm. |
||
| 336 |
_atext _2rdacontent _btxt |
||
| 337 |
_aunmediated _2rdamedia _bn |
||
| 338 |
_avolume _2rdacarrier _bnc |
||
| 490 | 0 | _aEnglish language series | |
| 504 | _aIncludes bibliographical references. | ||
| 505 | 0 | _aBook 1 -- Book 3. | |
| 650 | 7 |
_aEnglish language _vTextbooks for foreign speakers. _2BUEsh |
|
| 650 | 7 |
_aEnglish language _xPronunciation by foreign speakers. _2BUEsh |
|
| 650 | 7 |
_aEnglish language _xSpoken English _vProblems, exercises, etc. _2BUEsh |
|
| 650 | 7 |
_aCollege students _xLanguage _vProblems, exercises, etc. _2BUEsh |
|
| 653 |
_bHHUUEENN _cAugust2021 |
||
| 655 |
_vReading book _934232 |
||
| 700 | 1 |
_aBlass, Laurie, _eauthor. |
|
| 942 |
_2ddc _cBB |
||